Guías de capacitación para padres y apoderados: Proyecto Red Enlaces abierta a la comunidad
Saved in:
| 格式: | 圖書 |
|---|---|
| 語言: | 西班牙语 |
| 出版: |
Santiago
Red Enlaces
2000
|
| 叢編: | Enlaces y Comunidad
|
| 主題: | |
| 標簽: |
添加標簽
沒有標簽, 成為第一個標記此記錄!
|
MARC
| LEADER | 00000nam a2200000 a 4500 | ||
|---|---|---|---|
| 001 | UCL6002 | ||
| 003 | CL-VaPUC | ||
| 008 | 040326e20000000CL |||||||||||||||||spa|d | ||
| 082 | 0 | 4 | |a 371.192 |b GUI |2 21 |
| 245 | 1 | 0 | |a Guías de capacitación para padres y apoderados: Proyecto Red Enlaces abierta a la comunidad |
| 300 | |a 130 p | ||
| 942 | |c BK | ||
| 945 | |d 20040326 00:00:00 |a cmena | ||
| 260 | |a Santiago |b Red Enlaces |c 2000 | ||
| 600 | 0 | 7 | |a PROYECTO ENLACES |2 CL-VaPUC |9 483753 |
| 650 | 7 | |a COMUNIDAD Y ESCUELA |2 CL-VaPUC |9 328810 | |
| 650 | 7 | |a PARTICIPACION DE LOS PADRES |2 CL-VaPUC |9 483754 | |
| 650 | 7 | |a EDUCACION DE LOS PADRES |2 CL-VaPUC |9 338423 | |
| 650 | 0 | |a Internet |9 254823 | |
| 583 | |a last modification |c 20040326 00:00:00 |k Rodrigo Vera | ||
| 490 | 0 | |a Enlaces y Comunidad | |
| 999 | |c 308312 |d 308310 | ||
| 952 | |0 0 |1 0 |4 0 |6 371_192000000000000_GUI_2000 |7 0 |8 A |9 374688 |a BIBEDU |b BIBEDU |d 2019-11-21 |i 3998754 |o 371.192 GUI 2000 |p 3998754 |r 2019-11-21 |w 2019-11-21 |y BK |k EBA | ||
| 952 | |0 0 |1 0 |4 0 |6 371_192000000000000_GUI_2000 |7 0 |8 A |9 374689 |a BIBEDU |b BIBEDU |d 2019-11-21 |i 4187741 |o 371.192 GUI 2000 |p 4187741 |r 2019-11-21 |w 2019-11-21 |y BK |k EBA | ||
| 952 | |0 0 |1 0 |4 0 |6 371_192000000000000_GUI_2000 |7 0 |8 A |9 374690 |a BIBEDU |b BIBEDU |d 2019-11-21 |i 418775K |o 371.192 GUI 2000 |p 418775K |r 2019-11-21 |w 2019-11-21 |y BK |k EBA | ||
| 952 | |0 0 |1 0 |4 0 |6 371_192000000000000_GUI_2000 |7 0 |8 A |9 374691 |a BIBEDU |b BIBEDU |d 2019-11-21 |i 4187768 |o 371.192 GUI 2000 |p 4187768 |r 2019-11-21 |w 2019-11-21 |y BK |k EBA | ||
| 952 | |0 0 |1 0 |4 0 |6 371_192000000000000_GUI_2000 |7 0 |8 A |9 374692 |a BIBEDU |b BIBEDU |d 2019-11-21 |i 4187776 |o 371.192 GUI 2000 |p 4187776 |r 2019-11-21 |w 2019-11-21 |y BK |k EBA | ||
| 952 | |0 0 |1 0 |4 0 |6 371_192000000000000_GUI_2000 |7 0 |8 A |9 374693 |a BIBEDU |b BIBEDU |d 2019-11-21 |i 4187784 |o 371.192 GUI 2000 |p 4187784 |r 2019-11-21 |w 2019-11-21 |y BK |k EBA | ||
| 952 | |0 0 |1 0 |4 0 |6 371_192000000000000_GUI_2000 |7 0 |8 A |9 374694 |a BIBEDU |b BIBEDU |d 2019-11-21 |i 4187792 |o 371.192 GUI 2000 |p 4187792 |r 2019-11-21 |w 2019-11-21 |y BK |k EBA | ||
| 952 | |0 0 |1 0 |4 0 |6 371_192000000000000_GUI_2000 |7 0 |8 A |9 374695 |a BIBEDU |b BIBEDU |d 2019-11-21 |i 4194950 |o 371.192 GUI 2000 |p 4194950 |r 2019-11-21 |w 2019-11-21 |y BK |k EBA | ||
| 952 | |0 0 |1 0 |4 0 |6 371_192000000000000_GUI_2000 |7 0 |8 A |9 374696 |a BIBHIS |b BIBHIS |d 2019-11-21 |i 4159454 |o 371.192 GUI 2000 |p 4159454 |r 2025-01-20 |w 2019-11-21 |y BK |k HIS | ||